| 000 | 00928nam a2200277 i 4500 | ||
|---|---|---|---|
| 001 | 178565 | ||
| 003 | ES-MaACL | ||
| 005 | 20240228183011.0 | ||
| 007 | t| | ||
| 008 | 110608s1996 sp o ||||1| spa d | ||
| 020 | _a84-08-01874-4 | ||
| 080 | _a929 Serrano Suñer, Ramón | ||
| 080 | _a32 Serrano Suñer, Ramón | ||
| 100 | 1 |
_aMerino, Ignacio. _980516 |
|
| 245 | 1 | 0 |
_aSerrano Suñer _b: historia de una conducta / _cIgnacio Merino ; prólogo de Paul Preston. |
| 260 |
_aBarcelona : _bPlaneta, _c1996. |
||
| 300 |
_a312 p. , [16] p. de fot. bl. y n. ; _c24 cm. |
||
| 490 | 1 | _aLa España plural | |
| 500 | _aÍndice. | ||
| 600 | 1 | 4 |
_aSerrano Suñer, Ramón, _d1901-2003 _9105805 |
| 651 | 4 |
_aEspaña- _xHistoria- _y1939-1975, Dictadura. _9167928 |
|
| 700 | 0 |
_aPreston, Paul, _d1946- _993797 |
|
| 830 | 0 |
_aLa España plural _9179753 |
|
| 852 |
_aES-MaACL _jE-15306 _z.- Dedicatoria del autor |
||
| 999 |
_c178565 _d178565 |
||